| 000 | 01388nam a22003497a 4500 | ||
|---|---|---|---|
| 003 | OSt | ||
| 005 | 20230817115011.0 | ||
| 008 | 221006b |||||||| |||| 00| 0 eng d | ||
| 040 | _cBiblioteca Lado V | ||
| 082 |
_a305 _bM953m |
||
| 130 |
_9949 _aMujer/Fempress _lspa |
||
| 245 |
_aMujer/Fempress/ _bRed de comunicación alternativa de la mujer/ |
||
| 260 |
_bFEMPRESS _c1999 _aChile |
||
| 300 |
_c22x31cm _a29p. |
||
| 490 |
_v1999 _a207 |
||
| 505 |
_aEl Movimiento amplio de mujeres _tPERU |
||
| 505 |
_aOpción de Apellido
Una vida sin violencia
Corriendo el velo _tCOLOMBIA |
||
| 505 |
_aMejor sola que mal acompañada _tVENEZUELA |
||
| 505 |
_aSe rompen esquemas de clases _tESTADOS UNIDOS |
||
| 505 |
_aNombres borrados, obras usurpadas
La delegación de la mujer _tCOSTA RICA |
||
| 505 |
_aCentro de adolescentes víctimas de violencia _tURUGUAY |
||
| 505 |
_aViolencia doméstica entre lesbianas
Celebrar exigiendo _tMEXICO |
||
| 505 | _tREFLEXIONES | ||
| 505 | _aRECORTES | ||
| 505 | _aCOMUNICANDONOS | ||
| 650 |
_2Tesauro de Arte & Arquitectura _aMUJER _9703 |
||
| 650 |
_2Tesauro de Arte & Arquitectura _aCOMUNICACIÓN |
||
| 650 |
_2Tesauro de Arte & Arquitectura _aRED FEMENINA |
||
| 650 |
_2Tesauro de Arte & Arquitectura _aCULTURA |
||
| 651 |
_2Tesauro de Arte & Arquitectura _aINTERNACIONAL |
||
| 942 |
_2ddc _c1 _h305 _iM953m _n0 |
||
| 999 |
_c4161 _d4161 |
||